Zackary Arthur Filmography - Statistics

General Stats
  • This quiz has been taken 14 times
  • The average score is 2 of 25
Answer Stats
Type Year Name % Correct
Film 2016 The 5th Wave
75%
TV Show 2021-2024 Chucky
50%
TV Show 2016 Grey's Anatomy
25%
TV Show 2015 Best Friends Whenever
0%
TV Show 2019 Better Things
0%
Podcast 2020 Borrasca
0%
Film 2017 Don't Come Back from the Moon
0%
Film 2021 Hero Dog: The Journey Home
0%
Film 2022 Jill
0%
TV Show 2018, 2020 Kidding
0%
Film 2018 Mississippi Requiem
0%
Film 2017 Mom and Dad
0%
TV Film 2016 Pals
0%
TV Show 2017 Ray Donovan
0%
Film 2021 Secret Agent Dingledorf and His Trusty Dog Splat
0%
Theme Park Attraction 2013 SpongeBob SquarePants 4D Attraction: The Great Jelly Rescue
0%
Short Film 2014 Suviving a Funeral
0%
TV Show 2018 S.W.A.T.
0%
TV Show 2016, 2017 Teachers
0%
Film 2020 The American Boys
0%
TV Pilot 2015 The Half of It
0%
Short Film 2018 These Things Take Time
0%
TV Show 2014-2019 Transparent
0%
Short Film 2014 Trust Me
0%
Short Film 2015 Turned
0%
No matching quizzes found
Score Distribution
Percent of People with Each Score
Percentile by Number Answered
Your Score History
You have not taken this quiz